Memorias
Saved in:
| Main Author: | |
|---|---|
| Format: | Book |
| Language: | Spanish |
| Published: |
Bogotá
Instituto Caro y Cuervo
2000
|
| Subjects: | |
| Tags: |
Add Tag
No Tags, Be the first to tag this record!
|
MARC
| LEADER | 00000nam a2200000 a 4500 | ||
|---|---|---|---|
| 001 | UCN6574 | ||
| 003 | CL-VaPUC | ||
| 005 | 20210619001650.0 | ||
| 008 | 010928e20000000ck 1 spa d | ||
| 082 | 0 | 4 | |a H861.9 |b SAR |2 21 |
| 100 | 1 | |a Sarmiento Sandoval, Pedro |e author |9 619983 | |
| 245 | 1 | 0 | |a Memorias |
| 260 | |a Bogotá |b Instituto Caro y Cuervo |c 2000 | ||
| 300 | |a v | ||
| 505 | 0 | 0 | |a v.1: Ponencias |
| 505 | 0 | 0 | |a v.2: Antología poética |
| 583 | |a last modification |c 20190821 11:39:58 |k Rodrigo Vera | ||
| 650 | 0 | 7 | |a POESIA HISPANOAMERICANA - HISTORIA Y CRITICA |2 CL-VaPUC |9 619984 |
| 650 | 0 | 7 | |a POESIAS HISPANOAMERICANAS - ANTOLOGIAS |2 CL-VaPUC |9 462263 |
| 650 | 0 | 0 | |a Literatura hispanoamericana |9 269097 |
| 942 | |c BK | ||
| 945 | |a crobeson |d 20010928 00:00:00 | ||
| 546 | |a En Español | ||
| 536 | |a UNESCO | ||
| 536 | |a Ministerio de Educación Nacional de Colombia | ||
| 536 | |a Instituto Caro y Cuervo | ||
| 518 | |p Desde la Perspectiva del Siglo XXI, 1, Bogotá, 26 al 29 de marzo de 1996 | ||
| 999 | |c 383697 |d 383695 | ||
| 952 | |0 0 |1 0 |4 0 |6 H_861_900000000000000_SAR_2000 |7 0 |8 A |9 505909 |a BIBEDU |b BIBEDU |d 2020-01-23 |h v.2 |i 3696006 |o H861.9 SAR 2000 |p 3696006 |r 2020-01-23 |w 2020-01-23 |y BK |k LIT | ||
| 952 | |0 0 |1 0 |4 0 |6 H_861_900000000000000_SAR_2000 |7 0 |8 A |9 505910 |a BIBEDU |b BIBEDU |d 2020-01-23 |h v.2 |i 4122208 |o H861.9 SAR 2000 |p 4122208 |r 2020-01-23 |w 2020-01-23 |y BK |k LIT | ||
| 952 | |0 0 |1 0 |4 0 |6 H_861_900000000000000_SAR_2000 |7 0 |8 A |9 505911 |a BIBEDU |b BIBEDU |d 2020-01-23 |h v.1 |i 4122194 |o H861.9 SAR 2000 |p 4122194 |r 2020-01-23 |w 2020-01-23 |y BK |k LIT | ||